000 00464 a2200181 4500
999 _c32122
_d32122
003 OSt
005 20260319114702.0
008 260319b ||||| |||| 00| 0 eng d
020 _a0-89588-359-7
040 _c.
082 _a005.133
_bT747
100 _96713
_aTownsend, Carl
245 _aIntroduction to turbo Prolog /
_cCarl Townsend
260 _bSybex,
_aBerkeley :
_c1987.
300 _a315 p.
650 0 _93103
_aProgramming languages
942 _2ddc
_cBK